[Event "Zicosur 2016"]
[Site "?"]
[Date "2016.01.06"]
[Round "2.1"]
[White "PINEDA, Adolfo"]
[Black "GRANDA ZUÑIGA, Julio"]
[Result "1/2-1/2"]
[WhiteElo "2683"]
[BlackElo "2248"]
[PlyCount "96"]
[EventDate "2016.??.??"]

1. e4 c5 2. Nf3 Nc6 3. d4 cxd4 4. Nxd4 e6 5. Nc3 Qc7 6. g3 a6 7. Bg2 Nge7 8.
O-O Nxd4 9. Qxd4 Nc6 10. Qd1 Be7 11. b3 O-O 12. Bb2 d6 13. Ne2 b5 14. Qd2 Bb7
15. Rac1 Rfc8 16. Rfd1 Qb6 17. c4 Bf8 18. Rc2 bxc4 19. Rxc4 a5 20. Nc3 Ba6 21.
Na4 Qb7 22. Rcc1 Nb4 23. Bd4 Bb5 24. Nb6 Rxc1 25. Rxc1 Rb8 26. Nc4 Qa6 27. Bf1
Nc6 28. a4 Nxd4 29. Qxd4 Be8 30. Na3 Qb7 31. Nb5 Bc6 32. Nxd6 Bxd6 33. Qxd6
Bxe4 34. Bb5 h6 35. Rc7 Qd5 36. Qxd5 Bxd5 37. Bc4 Bxc4 38. Rxc4 Rxb3 39. Rc5 g5
40. h3 Kg7 41. Rxa5 Ra3 42. Kg2 Kf6 43. Ra8 h5 44. Rh8 Kg6 45. Rg8+ Kh6 46.
Rh8+ Kg6 47. Rg8+ Kh6 48. Rh8+ Kg6 1/2-1/2

[Event "zicosur 2016"]
[Site "?"]
[Date "2016.01.06"]
[Round "2"]
[White "HUANCA, Joaquín"]
[Black "GUERRERO, Juan"]
[Result "0-1"]
[WhiteElo "1442"]
[BlackElo "1877"]
[PlyCount "78"]
[EventDate "2016.??.??"]

1. e4 d5 2. exd5 Qxd5 3. Nc3 Qa5 4. g3 c6 5. Bg2 Nf6 6. Nge2 Bg4 7. h3 Bh5 8.
O-O e6 9. d4 Bd6 10. Be3 O-O 11. Qd2 Nbd7 12. Nf4 Bg6 13. Nxg6 hxg6 14. a3 Rfd8
15. Qe2 Qc7 16. b4 Nd5 17. Nxd5 cxd5 18. Rfc1 Nb6 19. Bf1 Rac8 20. Qd2 Nc4 21.
Bxc4 dxc4 22. c3 Rd7 23. Rd1 Rcd8 24. f4 g5 25. Qf2 gxf4 26. Bxf4 Bxf4 27. gxf4
Rd5 28. Re1 g5 29. Re5 Rxe5 30. fxe5 Qe7 31. Qg3 Kh7 32. Kf2 f6 33. Rf1 f5 34.
Rg1 Rg8 35. Qf3 Kg6 36. h4 g4 37. Qf4 Qxh4+ 38. Qg3 Qxg3+ 39. Rxg3 Kg5 0-1

[Event "ZICOSUR 2016"]
[Site "?"]
[Date "2016.01.06"]
[Round "2.14"]
[White "VALENZUELA, Luis"]
[Black "MONTERO, Cristian"]
[Result "1/2-1/2"]
[WhiteElo "2458"]
[BlackElo "2162"]
[PlyCount "49"]
[EventDate "2016.??.??"]

1. d4 d5 2. c4 dxc4 3. Nf3 Nf6 4. e3 Bg4 5. Bxc4 e6 6. Nc3 Nbd7 7. Be2 c5 8.
O-O cxd4 9. Nxd4 Bxe2 10. Qxe2 a6 11. e4 Bc5 12. Rd1 Qb8 13. Be3 O-O 14. Rac1
Rc8 15. a4 b6 16. Nf3 Bb4 17. Bg5 h6 18. Bxf6 Nxf6 19. e5 Bxc3 20. bxc3 Nd5 21.
c4 Ne7 22. Rd7 Ra7 23. Rcd1 Rxd7 24. Rxd7 Ng6 25. h4 1/2-1/2

[Event "ZICOSUR 2016"]
[Site "?"]
[Date "2016.01.06"]
[Round "2.40"]
[White "ZEGARRA, Alexis"]
[Black "BULGARINI, Marco"]
[Result "0-1"]
[WhiteElo "1618"]
[BlackElo "1989"]
[PlyCount "46"]
[EventDate "2016.??.??"]

1. e4 e5 2. Nf3 Nc6 3. Bb5 Bc5 4. d3 Nge7 5. Be3 Bxe3 6. fxe3 O-O 7. O-O d5 8.
Bxc6 Nxc6 9. exd5 Qxd5 10. Nc3 Qc5 11. Qe2 Bg4 12. Qf2 Rad8 13. Ne4 Qb6 14.
Nfg5 Bh5 15. Rae1 h6 16. Qh4 Bg6 17. Nf6+ gxf6 18. Qxh6 fxg5 19. Rf6 Rd6 20.
Rxd6 cxd6 21. Qxg5 Kg7 22. Rf1 f6 23. Qg3 f5 0-1

[Event "ZICOSUR 2016"]
[Site "?"]
[Date "2016.01.06"]
[Round "2.30"]
[White "PRINCIPE, Gerson"]
[Black "GARMENDIA, Gabriel"]
[Result "1-0"]
[WhiteElo "2252"]
[BlackElo "2055"]
[PlyCount "59"]
[EventDate "2016.??.??"]

1. d4 Nf6 2. Nf3 e6 3. c4 Bb4+ 4. Bd2 Qe7 5. g3 Nc6 6. Nc3 O-O 7. Bg2 Na5 8. b3
b6 9. O-O Bb7 10. d5 exd5 11. Nxd5 Nxd5 12. cxd5 Rfe8 13. Bxb4 Qxb4 14. Nd4 c5
15. Nf5 Re5 16. e4 Bxd5 17. Qg4 Rxf5 18. Qxf5 Be6 19. Qh5 Nc6 20. f4 g6 21. Qg5
Qd4+ 22. Kh1 f6 23. Qh6 Bg4 24. Rae1 Rf8 25. h3 Be6 26. f5 gxf5 27. Rd1 Qe5 28.
exf5 Bxf5 29. Rd5 Qxg3 30. Rdxf5 1-0

[Event "Zicosur 2016"]
[Site "?"]
[Date "2016.01.06"]
[Round "2.38"]
[White "SANDOVAL, Sebastian"]
[Black "CHANDIA, Omar"]
[Result "0-1"]
[WhiteElo "1623"]
[BlackElo "1995"]
[PlyCount "64"]
[EventDate "2016.??.??"]

1. e4 c5 2. Nf3 Nc6 3. d4 cxd4 4. Nxd4 e5 5. Nb3 Nf6 6. Nc3 a5 7. a4 Be7 8. Bc4
O-O 9. O-O d6 10. Be3 Be6 11. Bd5 Nb4 12. Bxb7 Bc4 13. Bxa8 Bxf1 14. Kxf1 Qxa8
15. f3 Rc8 16. Qe2 d5 17. exd5 Nfxd5 18. Nxd5 Nxd5 19. Bf2 Bf6 20. c3 Nf4 21.
Qb5 Rb8 22. Qxa5 Qc6 23. Nc5 Rxb2 24. Rd1 h6 25. Qa6 Rxf2+ 26. Kxf2 Qxc5+ 27.
Kf1 Qxc3 28. a5 Qb2 29. Qa8+ Kh7 30. Qe4+ g6 31. g3 Qg2+ 32. Ke1 Qxh2 0-1

[Event "Zicosur 2016"]
[Site "?"]
[Date "2016.01.06"]
[Round "2.9"]
[White "MESIAS, Rabindranath"]
[Black "El Debs, Felipe"]
[Result "0-1"]
[WhiteElo "2214"]
[BlackElo "2514"]
[PlyCount "56"]
[EventDate "2016.??.??"]

1. e4 c5 2. Nf3 Nc6 3. Bb5 d6 4. O-O Bd7 5. Re1 Nf6 6. c3 a6 7. Bxc6 Bxc6 8. d4
Bxe4 9. Bg5 Bc6 10. Bxf6 gxf6 11. d5 Bd7 12. Nbd2 Qc7 13. Ne4 O-O-O 14. b4 c4
15. a4 Bg7 16. b5 f5 17. bxa6 fxe4 18. a7 Qa5 19. Rxe4 Qxa7 20. Rxe7 Rhf8 21.
Qe2 Rde8 22. a5 Bxc3 23. Rc1 Bb4 24. Rxc4+ Bc5 25. Rce4 Rxe7 26. Rxe7 Qxa5 27.
h3 Qa1+ 28. Kh2 Qf6 0-1

[Event "Zicosur 2016"]
[Site "?"]
[Date "2016.01.06"]
[Round "2.7"]
[White "SANCHEZ MILLONES, Jonathan"]
[Black "OBREGON, Carlos"]
[Result "1-0"]
[WhiteElo "2219"]
[BlackElo "2505"]
[PlyCount "87"]
[EventDate "2016.??.??"]

1. e4 e6 2. d4 d5 3. Nc3 Bb4 4. e5 c5 5. a3 Bxc3+ 6. bxc3 Qa5 7. Bd2 Qa4 8. Qb1
c4 9. h4 Nc6 10. h5 Bd7 11. Nf3 h6 12. g3 O-O-O 13. Bh3 f5 14. Nh4 Nge7 15. Be3
Kb8 16. Kd2 Nc8 17. Ng6 Rhe8 18. Qb2 Nb6 19. Rhg1 Qa5 20. a4 Ne7 21. Nf4 Nxa4
22. Rgb1 Nxb2 23. Rxa5 Na4 24. Rxa4 Bxa4 25. Nxe6 Bd7 26. Nxd8 Rxd8 27. e6 Be8
28. Bf4+ Kc8 29. Be5 Bxh5 30. Bxg7 Bg4 31. Bg2 Rd6 32. f3 Bh5 33. Re1 Ng8 34.
g4 fxg4 35. f4 Kd8 36. Re5 Be8 37. Bf8 Rb6 38. Rxd5+ Kc7 39. f5 h5 40. Rc5+ Kd8
41. d5 h4 42. d6 h3 43. f6 Bc6 44. f7 1-0

[Event "Zicosur 2016"]
[Site "?"]
[Date "2016.01.06"]
[Round "2.19"]
[White "DONOSO, Sebastian"]
[Black "GARCIA, Pablo"]
[Result "0-1"]
[WhiteElo "2109"]
[BlackElo "2405"]
[PlyCount "70"]
[EventDate "2016.??.??"]

1. e4 c6 2. d4 d5 3. exd5 cxd5 4. c4 Nf6 5. Nc3 e6 6. Nf3 Bb4 7. Bg5 Qa5 8.
Bxf6 Bxc3+ 9. bxc3 Qxc3+ 10. Nd2 gxf6 11. cxd5 Qxd4 12. dxe6 Bxe6 13. Bb5+ Ke7
14. O-O a6 15. Qf3 axb5 16. Rad1 f5 17. Rfe1 Nd7 18. Nb3 Qb6 19. Nd4 Rxa2 20.
Nxf5+ Kd8 21. Qg3 Qxf2+ 22. Qxf2 Rxf2 23. Kxf2 Bxf5 24. Re5 Be6 25. Rxb5 Kc7
26. Ke3 Kc6 27. Rb2 b5 28. Kf4 Ra8 29. Kg5 Rg8+ 30. Kf4 Rg4+ 31. Ke3 b4 32.
Rc2+ Kb5 33. Rc7 Nc5 34. Rc1 Re4+ 35. Kf2 Rc4 0-1

[Event "ITT ZICOSUR"]
[Site "?"]
[Date "2016.01.06"]
[Round "2.10"]
[White "VERA SIGUEÑAS, Deivy"]
[Black "PUEBLA, Claudio"]
[Result "1-0"]
[WhiteElo "2498"]
[BlackElo "2216"]
[PlyCount "105"]
[EventDate "2016.??.??"]

1. e4 e6 2. d4 d5 3. Nd2 Nf6 4. e5 Nfd7 5. Bd3 c5 6. c3 Nc6 7. Ne2 cxd4 8. cxd4
f6 9. exf6 Nxf6 10. O-O Bd6 11. Nf3 O-O 12. Bg5 Bd7 13. Nc3 a6 14. Bh4 Qc7 15.
Bg3 g6 16. Bxd6 Qxd6 17. h3 Nh5 18. Re1 Nf4 19. Bf1 Rae8 20. Ne5 Nxe5 21. Rxe5
Rf7 22. Rc1 Ref8 23. Rc2 b5 24. a3 Qb6 25. b4 Nh5 26. Na2 Ng3 27. Nc1 Ne4 28.
f3 Nd6 29. Nb3 Nc4 30. Bxc4 bxc4 31. Nc5 Bc8 32. Rce2 Rf4 33. Qd2 R8f6 34. Qc3
Kg7 35. a4 h5 36. Rb2 R4f5 37. Re1 Qd6 38. Ne4 dxe4 39. fxe4 Rf1+ 40. Rxf1
Rxf1+ 41. Kxf1 Qf4+ 42. Kg1 Qxe4 43. Qxc4 Bd7 44. Re2 Qb1+ 45. Kh2 Qf1 46. d5
e5 47. Re4 Qf5 48. Qe2 Bxa4 49. Rxe5 Qf4+ 50. Kh1 Qxb4 51. Qxa6 Qf4 52. Qa7+
Kh6 53. Qe3 1-0

[Event "Zicosur"]
[Site "?"]
[Date "2016.01.06"]
[Round "2.35"]
[White "SAUVAGEOT, Diego"]
[Black "BALLADARES, Luis"]
[Result "1-0"]
[WhiteElo "2006"]
[BlackElo "1678"]
[PlyCount "81"]
[EventDate "2016.??.??"]

1. d4 d5 2. c4 c6 3. cxd5 cxd5 4. Nc3 e6 5. Bf4 Nf6 6. e3 Qb6 7. a3 Bd7 8. b4
Be7 9. Bd3 O-O 10. Nge2 a6 11. O-O Nh5 12. Qc2 h6 13. Be5 Nc6 14. Na4 Qd8 15.
g4 Rc8 16. Qd1 f6 17. Bg3 Nxg3 18. Nxg3 e5 19. Bf5 Bxf5 20. Nxf5 Kh7 21. Rc1 e4
22. f3 g6 23. Nxe7 Qxe7 24. Nb6 Rcd8 25. Rc5 Qe6 26. fxe4 Qxe4 27. Qf3 Qd3 28.
Nxd5 Qxa3 29. Qg3 Rf7 30. Nxf6+ Kh8 31. g5 Rdf8 32. Qh3 h5 33. Qg3 Qxb4 34. Qd6
Qd2 35. Qg3 a5 36. d5 Qb4 37. Rcc1 h4 38. Qh3 Rxf6 39. gxf6 g5 40. dxc6 bxc6
41. Qd7 1-0

[Event "ZICOSUR 2016"]
[Site "?"]
[Date "2016.01.06"]
[Round "2.8"]
[White "PICHOT, Alan"]
[Black "GARCÍA, Pedro"]
[Result "1-0"]
[WhiteElo "2517"]
[BlackElo "2234"]
[PlyCount "67"]
[EventDate "2016.??.??"]

1. e4 c5 2. Nf3 d6 3. d4 cxd4 4. Nxd4 Nf6 5. f3 e6 6. c4 Be7 7. Nc3 O-O 8. Be3
b6 9. Be2 Bb7 10. O-O Nc6 11. Nxc6 Bxc6 12. b4 Rc8 13. Qb3 Qc7 14. Rfd1 Rfd8
15. a4 Rb8 16. Ra2 Qb7 17. a5 d5 18. cxd5 exd5 19. e5 d4 20. Rxd4 Nd5 21. a6
Qa8 22. Nxd5 Bxd5 23. Bc4 Bxc4 24. Rxd8+ Rxd8 25. Qxc4 Rd1+ 26. Kf2 Qd8 27. Rc2
h6 28. e6 f5 29. Qc8 Bxb4 30. Rc7 Bc5 31. Bxc5 Rd2+ 32. Kg3 f4+ 33. Kh3 bxc5
34. e7 1-0

[Event "ZICOSUR 2016"]
[Site "?"]
[Date "2016.01.06"]
[Round "2.23"]
[White "GÓMEZ CÁCERES, Jafet"]
[Black "DUARTE, Leonardo"]
[Result "1-0"]
[WhiteElo "2088"]
[BlackElo "2338"]
[PlyCount "121"]
[EventDate "2016.??.??"]

1. d4 Nf6 2. Nf3 g6 3. c4 Bg7 4. g3 O-O 5. Bg2 d6 6. O-O Nc6 7. Nc3 Bf5 8. Ne1
Qd7 9. e4 Bh3 10. f3 Bxg2 11. Kxg2 e5 12. d5 Nd4 13. Be3 c5 14. dxc6 bxc6 15.
Bxd4 exd4 16. Qxd4 Qc7 17. Qd2 Rfd8 18. Rc1 Rab8 19. Nd3 a5 20. b3 Nd7 21. Rfd1
Qa7 22. Nb2 Nc5 23. Qf2 Qe7 24. Nba4 Ne6 25. Ne2 h5 26. h4 Kh7 27. Rc2 f5 28.
exf5 gxf5 29. f4 d5 30. cxd5 cxd5 31. Qf3 Kg6 32. Rxd5 Rxd5 33. Qxd5 Rd8 34.
Qc6 Rd6 35. Qc4 Qb7+ 36. Kh2 Qf3 37. Ng1 Qe3 38. Re2 Rd2 39. Rxd2 Qxd2+ 40. Qe2
Qxe2+ 41. Nxe2 Nd4 42. Nac3 Nxe2 43. Nxe2 Kf7 44. Kg2 Ke6 45. Kf3 Kd5 46. Ke3
Kc5 47. Kd3 Kd5 48. Nc3+ Kc5 49. a3 Bh8 50. b4+ axb4 51. axb4+ Kxb4 52. Nd5+
Kc5 53. Ne3 Kd6 54. Nxf5+ Kd5 55. Ne3+ Ke6 56. Ke4 Bc3 57. Ng2 Kf6 58. f5 Kg7
59. Nf4 Kh6 60. Kd5 Be1 61. Ne2 1-0

[Event "Zicosur 2016"]
[Site "?"]
[Date "2016.01.06"]
[Round "2.28"]
[White "BELMONTE, Diego"]
[Black "MUNOZ, Nelson"]
[Result "0-1"]
[WhiteElo "2258"]
[BlackElo "2071"]
[PlyCount "128"]
[EventDate "2016.??.??"]

1. d4 Nf6 2. c4 e5 3. dxe5 Ng4 4. Nf3 Bc5 5. e3 Nc6 6. Be2 Ngxe5 7. a3 a5 8.
Nbd2 O-O 9. O-O Re8 10. Qc2 Nxf3+ 11. Nxf3 Ne5 12. Nd4 Ra6 13. Bd2 Rg6 14. Bxa5
b6 15. Bd2 Bb7 16. f3 Qh4 17. Nf5 Qg5 18. g4 Qh5 19. Rf2 Qh3 20. Qd1 h5 21. Qf1
hxg4 22. Qxh3 gxh3+ 23. Kf1 Rf6 24. Nd4 Bxd4 25. exd4 Nxf3 26. Bxf3 Bxf3 27.
Re1 Bg2+ 28. Kg1 Rxe1+ 29. Bxe1 Re6 30. Bc3 Re3 31. Rf4 Re2 32. Rf2 Re4 33. Rf5
f6 34. Kf2 Kf7 35. Rh5 Rf4+ 36. Ke3 Rf3+ 37. Ke2 Kg6 38. Rh8 Rf5 39. Be1 Rf4
40. Bf2 Re4+ 41. Kd3 Rf4 42. Bg3 Rf3+ 43. Ke2 c6 44. Rxh3 Rb3 45. Rh8 Rxb2+ 46.
Kd1 Kf5 47. Re8 d5 48. cxd5 Bxd5 49. Kc1 Ra2 50. Rb8 b5 51. Bd6 Ke4 52. Rh8
Kxd4 53. Rh4+ Be4 54. Bf8 Rg2 55. Rh3 c5 56. Rg3 Rxg3 57. hxg3 g6 58. Kd2 f5
59. Be7 Kc4 60. Ke3 b4 61. axb4 cxb4 62. Bf6 Kb3 63. Be7 Kc3 64. Bf6+ Kc2 0-1

[Event "ZICOSUR 2016"]
[Site "?"]
[Date "2016.01.06"]
[Round "2.47"]
[White "AGUILAR, Pedro"]
[Black "GARMENDIA VEGA, Lucas"]
[Result "1-0"]
[WhiteElo "1877"]
[BlackElo "1468"]
[PlyCount "37"]
[EventDate "2016.??.??"]

1. e4 c5 2. Nc3 d6 3. Nf3 Nf6 4. Bc4 g6 5. e5 Nfd7 6. exd6 exd6 7. O-O Bg7 8.
Re1+ Ne5 9. Nxe5 Bxe5 10. f4 Be6 11. Bb5+ Nd7 12. fxe5 O-O 13. exd6 a6 14. Bxd7
Qxd7 15. Ne4 Qc6 16. d4 cxd4 17. Qxd4 Rfd8 18. Nf6+ Kf8 19. Bh6# 1-0

[Event "Zicosur 2016"]
[Site "?"]
[Date "2016.01.06"]
[Round "2.33"]
[White "BARRIA YAITUL, Armin"]
[Black "BENNET, Michael"]
[Result "1-0"]
[WhiteElo "2045"]
[BlackElo "1737"]
[PlyCount "67"]
[EventDate "2016.??.??"]

1. d4 Nf6 2. c4 e6 3. Nf3 Bb4+ 4. Bd2 c5 5. Bxb4 cxb4 6. Nbd2 O-O 7. e4 d6 8.
Bd3 e5 9. Qc2 Nc6 10. d5 Nb8 11. c5 dxc5 12. Qxc5 Nbd7 13. Qxb4 b6 14. O-O Re8
15. Bb5 Bb7 16. Rac1 a6 17. Bc6 Bxc6 18. Rxc6 Rc8 19. Rfc1 Rxc6 20. Rxc6 Qb8
21. Qd6 Qxd6 22. Rxd6 Kf8 23. Kf1 Ke7 24. Rc6 Rb8 25. Ke2 h6 26. h3 Ne8 27. Nc4
f6 28. Nh4 b5 29. Nf5+ Kd8 30. Ncd6 Nxd6 31. Nxd6 Rb6 32. Rc8+ Ke7 33. Nf5+ Kf7
34. Rc7 1-0

[Event "ZICOSUR 2016"]
[Site "?"]
[Date "2016.01.06"]
[Round "2.26"]
[White "TAPIA, Jaime"]
[Black "MAGAS, Rodrigo"]
[Result "1/2-1/2"]
[WhiteElo "2288"]
[BlackElo "2089"]
[PlyCount "53"]
[EventDate "2016.??.??"]

1. e4 c5 2. Nf3 e6 3. d4 cxd4 4. Nxd4 a6 5. Bd3 Nf6 6. O-O e5 7. Nf3 Nc6 8. Bg5
Bc5 9. Nc3 h6 10. Bxf6 Qxf6 11. Nd5 Qd8 12. c3 d6 13. b4 Ba7 14. Nd2 Ne7 15.
Nxe7 Qxe7 16. Qf3 O-O 17. Nc4 Be6 18. Ne3 g6 19. Bc2 Qg5 20. Bb3 Bxe3 21. fxe3
Rac8 22. Rac1 Bc4 23. Rf2 b5 24. Rd2 Rfd8 25. Rf2 Rf8 26. Rd2 Rfd8 27. Rf2
1/2-1/2

[Event "ZICOSUR 2016"]
[Site "?"]
[Date "2016.01.06"]
[Round "2.45"]
[White "JORQUERA CASTILLO, Gabriel"]
[Black "MUÑOZ ROBLEDO, Mauricio"]
[Result "1-0"]
[WhiteElo "1919"]
[BlackElo "1533"]
[PlyCount "47"]
[EventDate "2016.??.??"]

1. e4 e5 2. Nf3 Nc6 3. Bb5 Nf6 4. O-O d6 5. Re1 Be7 6. c3 O-O 7. h3 Bd7 8. d4
exd4 9. cxd4 Nb8 10. Bd3 h6 11. Nc3 c5 12. e5 dxe5 13. dxe5 Nh7 14. Ne4 Nc6 15.
Nxc5 Bxc5 16. Bxh7+ Kh8 17. Be4 Rc8 18. a3 Be6 19. Qa4 Qb6 20. Be3 Bxe3 21.
Rxe3 Nxe5 22. Nxe5 Qxb2 23. Qd1 Rcd8 24. Nd3 1-0

[Event "Zicosur 2016"]
[Site "?"]
[Date "2016.01.06"]
[Round "2.17"]
[White "CONDORI, Edwin"]
[Black "PÉREZ GORMAZ, Matías"]
[Result "0-1"]
[WhiteElo "2112"]
[BlackElo "2422"]
[PlyCount "54"]
[EventDate "2016.??.??"]

1. Nf3 d5 2. c4 d4 3. b4 g5 4. Bb2 Bg7 5. e4 e5 6. d3 g4 7. Nfd2 Ne7 8. g3 h5
9. h3 gxh3 10. Bxh3 h4 11. Bxc8 Qxc8 12. Na3 a5 13. Nc2 Ra6 14. b5 Rah6 15. g4
Ng6 16. Nf1 Nf4 17. Rh2 Rg6 18. f3 Nd7 19. Bc1 Ne6 20. Nd2 Qd8 21. Nb3 b6 22.
Bd2 Bh6 23. Bxh6 Rhxh6 24. Qd2 Qf6 25. Rf2 a4 26. Nc1 h3 27. Nb4 Qh4 0-1

[Event "ZICOSUR 2016"]
[Site "?"]
[Date "2016.01.06"]
[Round "2.44"]
[White "BRIZUELA, Javier"]
[Black "TORREALBA, Dario"]
[Result "1-0"]
[WhiteElo "1534"]
[BlackElo "1933"]
[PlyCount "95"]
[EventDate "2016.??.??"]

1. d4 c5 2. Nf3 e6 3. g3 Nf6 4. Bg2 Nc6 5. O-O Qb6 6. c3 d6 7. Re1 cxd4 8. cxd4
Be7 9. e4 d5 10. e5 Nd7 11. a3 Qa6 12. b4 Bxb4 13. Bd2 Be7 14. Bg5 Qa5 15. Bxe7
Nxe7 16. Qc2 Nf5 17. Nc3 Rg8 18. h4 h6 19. Rec1 a6 20. Ne2 Qd8 21. a4 g5 22. a5
Nf8 23. h5 g4 24. Nh2 Qg5 25. Qa4+ Bd7 26. Qb4 Bc6 27. Nf4 Qe7 28. Qb6 Qd8 29.
Qb4 Rc8 30. Rc5 Nd7 31. Rcc1 Bb5 32. Qd2 Rxc1+ 33. Rxc1 Ke7 34. Qb4+ Ke8 35.
Bf1 Qe7 36. Qc3 Bc6 37. Bxa6 Qd8 38. Be2 Nb8 39. Ra1 Qd7 40. Nxg4 Rxg4 41. Bxg4
Bb5 42. Rc1 Nc6 43. Bxf5 exf5 44. Ra1 Ba6 45. Qc5 Ne7 46. Re1 Bc4 47. e6 fxe6
48. Rxe6 1-0

[Event "ZICOSUR 2016"]
[Site "?"]
[Date "2016.01.06"]
[Round "2.21"]
[White "MARIN, Roque"]
[Black "ABARCA, Nicolás"]
[Result "0-1"]
[WhiteElo "2099"]
[BlackElo "2400"]
[Annotator "Doe,John"]
[PlyCount "68"]
[EventDate "2016.??.??"]

1. e4 c5 2. Nf3 e6 3. d3 Nc6 4. Nbd2 d5 5. g3 Nf6 6. Bg2 Be7 7. O-O O-O 8. Re1
Qc7 9. e5 Nd7 10. Qe2 a5 11. h4 Re8 12. Nf1 Nd4 13. Nxd4 cxd4 14. Bf4 Nf8 15.
h5 Ra6 16. Nh2 Rc6 17. Rec1 Bd7 18. Ng4 Rc8 19. Nf6+ Kh8 20. Qg4 (20. Nxd5 exd5
21. e6 Bd6 22. Bxd6 Qxd6 23. exd7 Qxd7) 20... Qd8 21. h6 Bxf6 22. exf6 Qxf6 23.
Bg5 Qg6 24. hxg7+ Qxg7 25. Qf4 e5 26. Qd2 h6 27. Be7 Ng6 28. Ba3 Nf4 29. b3 Bg4
30. Bf1 Bf3 31. Be7 Re8 32. Bh4 Ng6 33. Kh2 Nxh4 34. gxh4 Rg6 0-1

[Event "ZICOSUR 2016"]
[Site "?"]
[Date "2016.01.06"]
[Round "2.12"]
[White "MARTINEZ, Jose"]
[Black "GARNIER, Rene"]
[Result "1-0"]
[WhiteElo "2469"]
[BlackElo "2138"]
[PlyCount "53"]
[EventDate "2016.??.??"]

1. d4 g6 2. c4 Bg7 3. Nc3 c5 4. d5 Bxc3+ 5. bxc3 f5 6. h4 Nf6 7. h5 gxh5 8. Nh3
Qa5 9. Qc2 d6 10. f3 Nbd7 11. Bg5 Ne5 12. Bxf6 exf6 13. e3 Bd7 14. Nf4 O-O-O
15. Kf2 Kb8 16. Nxh5 Ba4 17. Qb2 Qa6 18. Rb1 Rd7 19. Nxf6 Rf7 20. Nh5 Ka8 21.
Nf4 Nxc4 22. Bxc4 Qxc4 23. Rh6 Rd8 24. Rbh1 Rdd7 25. R6h4 Qa6 26. Ne6 Bb5 27.
c4 1-0

[Event "Zicosur 2016"]
[Site "?"]
[Date "2016.01.06"]
[Round "2.16"]
[White "LOPEZ, Hugo"]
[Black "PUPPI, Jorge"]
[Result "1-0"]
[WhiteElo "2426"]
[BlackElo "2139"]
[PlyCount "59"]
[EventDate "2016.??.??"]

1. e4 c5 2. Nf3 e6 3. d4 cxd4 4. Nxd4 a6 5. Nc3 Qc7 6. g3 Bb4 7. Nde2 Nf6 8.
Bg2 d6 9. h3 h6 10. Be3 O-O 11. O-O Rd8 12. Na4 Nfd7 13. a3 Ba5 14. c4 Nc6 15.
b4 b5 16. cxb5 axb5 17. Nac3 Bb6 18. Nxb5 Qb8 19. Ned4 Nce5 20. Qb3 Ba6 21. a4
Bxd4 22. Bxd4 Bxb5 23. axb5 Qxb5 24. Rfd1 Rxa1 25. Bxa1 Nc5 26. Qc3 Ncd3 27. f4
Qb6+ 28. Qd4 Qxd4+ 29. Bxd4 Nxb4 30. Bxe5 1-0

[Event "Zicosur 2016"]
[Site "?"]
[Date "2016.01.06"]
[Round "2.41"]
[White "UBEIRA, Enrique"]
[Black "POBLETE, Pablo"]
[Result "0-1"]
[WhiteElo "1676"]
[BlackElo "1999"]
[PlyCount "116"]
[EventDate "2016.??.??"]

1. d4 d5 2. c4 e6 3. Nc3 Nf6 4. Nf3 Be7 5. Bf4 O-O 6. e3 c5 7. Bd3 Nc6 8. cxd5
Nxd5 9. Bg3 cxd4 10. exd4 Ncb4 11. Bb1 b6 12. Nxd5 Nxd5 13. O-O Bb7 14. Re1 Nf6
15. Ne5 Qd5 16. f3 Rac8 17. a3 Rfd8 18. Bf2 Qb5 19. Qd2 Bd6 20. Bd3 Qb3 21. Qe3
Bd5 22. Re2 Rc7 23. Bh4 Be7 24. Qf4 Rdc8 25. Ba6 Bb7 26. Bxb7 Rxb7 27. Rc1 Rf8
28. Nc6 Nd5 29. Nxe7+ Nxe7 30. Bxe7 Rxe7 31. Qd6 Ree8 32. Kf2 Rd8 33. Qc7 a5
34. Qc4 Qxc4 35. Rxc4 Rd5 36. Rc6 Rb5 37. Rec2 g5 38. Rc8 Rxc8 39. Rxc8+ Kg7
40. Rc2 h5 41. Ke3 Kf6 42. Ke4 Ke7 43. Rc7+ Ke8 44. Rc8+ Kd7 45. Rc2 Kd6 46.
Kd3 a4 47. Re2 Rb3+ 48. Kc2 f6 49. Rd2 Kd5 50. Rd3 Kc4 51. Rc3+ Rxc3+ 52. bxc3
h4 53. g3 hxg3 54. hxg3 b5 55. f4 gxf4 56. gxf4 f5 57. Kd2 Kb3 58. Kd3 Kxa3 0-1

[Event "Zicosur 2016"]
[Site "?"]
[Date "2016.01.06"]
[Round "2.18"]
[White "GEMY, Jose Daniel"]
[Black "HURTADO BAHAMONDE, Rodrigo"]
[Result "1-0"]
[WhiteElo "2407"]
[BlackElo "2133"]
[PlyCount "59"]
[EventDate "2016.??.??"]

1. Nf3 d5 2. g3 g6 3. Bg2 Bg7 4. O-O Nf6 5. c4 c6 6. cxd5 cxd5 7. Nc3 O-O 8. d4
Nc6 9. Ne5 Be6 10. Nxc6 bxc6 11. Bf4 Nh5 12. Be3 Qc8 13. Rc1 Qd7 14. Na4 Bh3
15. Bxh3 Qxh3 16. Rxc6 f5 17. Qb3 f4 18. Qxd5+ Kh8 19. gxf4 Qg4+ 20. Qg2 Qxe2
21. Rfc1 Rad8 22. R6c2 Qb5 23. Nc5 Rd6 24. Ne4 Ra6 25. Qg5 Qb8 26. Qxe7 Nxf4
27. Rc7 Nh5 28. Bh6 Rg8 29. Ng5 Rf6 30. Qxf6 1-0

[Event "Zicosur 2016"]
[Site "?"]
[Date "2016.01.06"]
[Round "2.29"]
[White "DOBUCHAK, Thiago"]
[Black "ALARCÓN, Roberto"]
[Result "1/2-1/2"]
[WhiteElo "2059"]
[BlackElo "2257"]
[PlyCount "75"]
[EventDate "2016.??.??"]

1. e4 c5 2. Nf3 e6 3. d4 cxd4 4. Nxd4 a6 5. Bd3 Qb6 6. Nb3 Nc6 7. Be3 Qc7 8. f4
Nf6 9. c4 Nb4 10. O-O b6 11. Nc3 Nxd3 12. Qxd3 Bb7 13. Bd4 Rc8 14. Nd2 d6 15.
h3 Qc6 16. f5 Be7 17. Rf2 O-O 18. Raf1 b5 19. Qg3 Kh8 20. cxb5 axb5 21. a3 e5
22. Be3 Rfe8 23. Re1 d5 24. exd5 Nxd5 25. Nxd5 Qxd5 26. Nf3 f6 27. Rd2 Qc6 28.
Red1 Rcd8 29. Rxd8 Rxd8 30. Rxd8+ Bxd8 31. Qf2 Bc7 32. Nd2 Bc8 33. Nb1 Bd6 34.
b4 h6 35. Bc5 Bxc5 36. Qxc5 Qxc5+ 37. bxc5 Bb7 38. Nc3 1/2-1/2

[Event "ZICOSUR 2016"]
[Site "?"]
[Date "2016.01.06"]
[Round "2.25"]
[White "ROCCA, Cristian"]
[Black "VALENZUELA GOMEZ, Fernando"]
[Result "0-1"]
[WhiteElo "2083"]
[BlackElo "2293"]
[PlyCount "82"]
[EventDate "2016.??.??"]

1. e4 c5 2. Nc3 a6 3. a4 Nc6 4. g3 g6 5. Bg2 Bg7 6. d3 e6 7. Be3 Nd4 8. Nf3 Ne7
9. Qd2 O-O 10. O-O Rb8 11. Bh6 Nec6 12. Bxg7 Kxg7 13. Nxd4 cxd4 14. Ne2 d6 15.
f4 f5 16. Kh1 Bd7 17. c3 Qf6 18. Rae1 b5 19. axb5 Rxb5 20. exf5 gxf5 21. c4 Rb6
22. Kg1 Rfb8 23. Bxc6 Bxc6 24. Rb1 Rb4 25. g4 Qh4 26. Ng3 Kh8 27. Qf2 Qxg4 28.
Qxd4+ Qg7 29. Qxd6 Ba8 30. Qxe6 Rb3 31. Qxf5 Re8 32. Rf2 Rb6 33. Re2 Rf8 34.
Qe5 Rbf6 35. f5 h5 36. h4 Qg4 37. Rf1 Kh7 38. Qe7+ R8f7 39. Qe5 Rg7 40. Re3
Qxh4 41. Rf2 Qh1# 0-1

[Event "ZICOSUR 2016"]
[Site "?"]
[Date "2016.01.06"]
[Round "2.37"]
[White "ESTRADA, Cristian"]
[Black "ANDRADE, Alexander"]
[Result "1-0"]
[WhiteElo "1996"]
[BlackElo "1629"]
[PlyCount "89"]
[EventDate "2016.??.??"]

1. d4 Nf6 2. c4 e6 3. Nf3 c5 4. d5 exd5 5. cxd5 d6 6. Nc3 h6 7. e4 Bg4 8. Be2
Bxf3 9. Bxf3 Nbd7 10. Bf4 Ne5 11. Bxe5 dxe5 12. Qd3 a6 13. a4 b6 14. O-O Qc7
15. b3 Bd6 16. Nd1 O-O 17. Ne3 Ne8 18. Rfd1 Qb7 19. Nf5 Rc8 20. Be2 Ra8 21. Qg3
Kh7 22. Nxd6 Nxd6 23. Qxe5 Qd7 24. Bd3 Kg8 25. Qf4 f6 26. Be2 Rae8 27. Bd3 Re7
28. Re1 Rfe8 29. f3 Re5 30. Re2 Qf7 31. Rae1 g5 32. Qd2 Qg6 33. Qc2 h5 34. g3
Qh6 35. Qd2 R8e7 36. Kh1 h4 37. f4 gxf4 38. gxf4 Rh5 39. Rg2+ Rg7 40. Rxg7+
Kxg7 41. Qg2+ Kf8 42. Rg1 Qh8 43. Qg4 Rh7 44. e5 fxe5 45. Bxh7 1-0

[Event "Torneo ZICOSUR 2016"]
[Site "?"]
[Date "2016.01.06"]
[Round "2"]
[White "AVALOS PARRA, Joao"]
[Black "RODRIGUEZ, Andres"]
[Result "0-1"]
[WhiteElo "2487"]
[BlackElo "2148"]
[PlyCount "74"]

1. c4 e5 2. g3 g6 3. d4 Nc6 4. d5 Nce7 5. Nc3 d6 6. e4 Bg7 7. Bg2 f5 8. Nge2
Nf6 9. O-O O-O 10. Qd3 Rf7 11. f4 fxe4 12. Nxe4 Nxe4 13. Bxe4 Bh3 14. Bg2 Qd7
15. Bd2 Raf8 16. Bc3 Bxg2 17. Kxg2 Nf5 18. fxe5 dxe5 19. Bd2 Nd6 20. Nc3 Qg4
21. c5 Nf5 22. Qe4 Nh4+ 23. Kg1 Nf3+ 24. Rxf3 Qxf3 25. Qxf3 Rxf3 26. Ne4 Rd8
27. d6 cxd6 28. cxd6 h6 29. Re1 b6 30. Bc3 Kf7 31. a4 Ke6 32. a5 Rd3 33. axb6
axb6 34. Ra1 Re3 35. Ra4 Re2 36. g4 b5 37. Rb4 Ra8 0-1